Public private partnerships: managing risks and opportunities (Record no. 101733)

MARC details
000 -LEADER
fixed length control field 01035cam a2200253 4500
008 - FIXED-LENGTH DATA ELEMENTS--GENERAL INFORMATION
fixed length control field 011019n2003 000 0 eng u
020 ## - INTERNATIONAL STANDARD BOOK NUMBER
International Standard Book Number 063206465X
035 ## - SYSTEM CONTROL NUMBER
System control number (Sirsi) u115220
041 ## - LANGUAGE CODE
Language code of text/sound track or separate title eng.
050 ## - LIBRARY OF CONGRESS CALL NUMBER
Classification number 336.39
-- 18
100 ## - MAIN ENTRY--PERSONAL NAME
Personal name Akintoye, Akintola
-- Editor
245 ## - TITLE STATEMENT
Title Public private partnerships: managing risks and opportunities
260 ## - PUBLICATION, DISTRIBUTION, ETC.
Place of publication, distribution, etc. Oxford
Name of publisher, distributor, etc. Blackwell
Date of publication, distribution, etc. 2003
300 ## - PHYSICAL DESCRIPTION
Extent xxiv, 422p.
Dimensions 26cm.
350 ## - PRICE (NR) (BK AM CF MU VM SE) [OBSOLETE]
Price £59.95
520 ## - SUMMARY, ETC.
Summary, etc. Aims to familiarise researchers and construction professionals working with public-private partnerships (PPP) with the issues involved in the planning, implementation and day-to-day management of public-private projects. Illustrates how current risk management methods can help the process of managing procurement through such partnerships.
650 ## - SUBJECT ADDED ENTRY--TOPICAL TERM
Topical term or geographic name entry element PUBLIC PRIVATE PARTNERSHIPS
650 ## - SUBJECT ADDED ENTRY--TOPICAL TERM
Topical term or geographic name entry element RISK MANAGEMENT
650 ## - SUBJECT ADDED ENTRY--TOPICAL TERM
Topical term or geographic name entry element Procurement-old
690 ## - LOCAL SUBJECT ADDED ENTRY--TOPICAL TERM (OCLC, RLIN)
Topical term or geographic name as entry element Procurement
9 (RLIN) 6260
700 ## - ADDED ENTRY--PERSONAL NAME
Personal name Beck, Matthias
International Standard Serial Number Editor
700 ## - ADDED ENTRY--PERSONAL NAME
Personal name Hardcastle, Cliff
International Standard Serial Number Editor
942 ## - ADDED ENTRY ELEMENTS (KOHA)
Suppress in OPAC 0
Holdings
Withdrawn status Lost status Source of classification or shelving scheme Damaged status Not for loan Home library Current library Shelving location Date acquired Cost, normal purchase price Total Checkouts Full call number Barcode Date last seen Date last checked out Copy number Cost, replacement price Price effective from Koha item type
    Dewey Decimal Classification     London London Books 14/05/2004 62.50 20 336.39 AKI 30069258 06/08/2019 30/11/2009 2 62.50 06/08/2019 Book